000 00385nam a2200157Ia 4500
008 210210b1978 xxu||||| |||| 00| 0 eng d
082 _a155.2 HULF
100 _aHULL (Ernest R).
245 _aFormation of character.
260 _aBombay
_bSt. Paul Publications
_c1978
300 _a163
650 _aFormation
650 _acharacter.
690 _aPsychology
906 _aSG01466
999 _c113062
_d113062